| 000 | 00506nam a2200181Ia 4500 | ||
|---|---|---|---|
| 008 | 090123s9999 xx 000 0 und d | ||
| 082 |
_b4132 _a891.463/फडके |
||
| 100 | _aफडके ना. सी. | ||
| 245 | _aउन्माद | ||
| 250 | _a4 | ||
| 260 |
_bकुलकर्णी अ.अ. _c1975 |
||
| 300 | _a250 | ||
| 600 | _aफडके ना. सी. | ||
| 630 | _aउन्माद | ||
| 700 | _aफडके ना. सी. | ||
| 730 | _aउन्माद | ||
| 942 | _cBOOK | ||
| 999 |
_c42208 _d42208 |
||